परित्यक्ता के आँसू (Record no. 1467286)
[ view plain ]
| 000 -LEADER | |
|---|---|
| fixed length control field | 01092 a2200253 4500 |
| 005 - DATE AND TIME OF LATEST TRANSACTION | |
| control field | 20260327162936.0 |
| 008 - FIXED-LENGTH DATA ELEMENTS--GENERAL INFORMATION | |
| fixed length control field | 260327b |||||||| |||| 00| 0 eng d |
| 020 ## - INTERNATIONAL STANDARD BOOK NUMBER | |
| International Standard Book Number | 9788193802267 (pbk) |
| 037 ## - SOURCE OF ACQUISITION | |
| Terms of availability | TB |
| 040 ## - CATALOGING SOURCE | |
| Original cataloging agency | CRL |
| Transcribing agency | CRL |
| 041 ## - LANGUAGE CODE | |
| Source of code | hin |
| Language code of text/sound track or separate title | hin |
| Language code of original | mal |
| 084 ## - COLON CLASSIFICATION NUMBER | |
| Classification number | O32,1x 152Q8 |
| Assigning agency | CRL |
| 100 ## - MAIN ENTRY--PERSONAL NAME | |
| Personal name | आशान, कुमारन |
| 9 (RLIN) | 862998 |
| 245 ## - TITLE STATEMENT | |
| Title | परित्यक्ता के आँसू |
| 260 ## - PUBLICATION, DISTRIBUTION, ETC. | |
| Place of publication, distribution, etc. | दिल्ली, भारत: |
| Name of publisher, distributor, etc. | सस्ता साहित्य प्रकाशन मण्डल, |
| Date of publication, distribution, etc. | 2018. |
| 300 ## - PHYSICAL DESCRIPTION | |
| Extent | 58पृ. |
| 365 ## - TRADE PRICE | |
| Price amount | 80.00 |
| Currency code | INR |
| 546 ## - LANGUAGE NOTE | |
| Language note | Translated from Malayalam to Hindi |
| 650 ## - SUBJECT ADDED ENTRY--TOPICAL TERM | |
| Topical term or geographic name entry element | मलयालम कविता |
| 9 (RLIN) | 1232009 |
| 650 ## - SUBJECT ADDED ENTRY--TOPICAL TERM | |
| Topical term or geographic name entry element | मलयालम साहित्य |
| 9 (RLIN) | 1232010 |
| 700 ## - ADDED ENTRY--PERSONAL NAME | |
| Personal name | चतुर्वेदी, सुधांशु |
| Relator term | अनुवादक |
| 9 (RLIN) | 1232011 |
| 942 ## - ADDED ENTRY ELEMENTS (KOHA) | |
| Koha item type | Textbook |
| Source of classification or shelving scheme | Colon Classification (CC) |
| Classification part | O32,1x 152Q8 |
| Withdrawn status | Lost status | Source of classification or shelving scheme | Damaged status | Not for loan | Home library | Current library | Date acquired | Source of acquisition | Cost, normal purchase price | Inventory number | Total Checkouts | Full call number | Barcode | Date last seen | Cost, replacement price | Price effective from | Koha item type |
|---|---|---|---|---|---|---|---|---|---|---|---|---|---|---|---|---|---|
| Colon Classification (CC) | Central Library | Central Library | 2026-02-04 | 108/ सस्ता साहित्य मंडल | 64.00 | 954 & 2026-01-20 | O32,1x 152Q8 | CL1925741 | 2026-02-04 | 80.00 | 2026-02-04 | Textbook |
